Stations du métro de Rennes sur une carte - Statistiques

Statistiques générales
  • Ce quiz a été pris 2 936 fois
  • Le résultat moyen est 22 sur 30
Réponses sur la Carte
Les réponses sont colorées sur une échelle allant du rouge au vert en fonction du pourcentage des utilisateurs qui les ont devinées à leur premier essai. Vous pouvez retrouver ces pourcentages ci-dessous.
 
Statistiques - réponses
Ligne Arrêt % Correct
A Gares
96%
B Gares
96%
A Sainte-Anne
95%
B Sainte-Anne
95%
A République
93%
A Villejean - Université
87%
A J.F. Kennedy
86%
A La Poterie
85%
B Cesson - Viasilva
84%
A Charles de Gaulle
84%
B Saint-Jacques - Gaîté
77%
B Beaulieu - Université
75%
A Anatole France
74%
A Pontchaillou
74%
A Le Blosne
73%
A Henri Fréville
72%
A Triangle
70%
B Saint-Germain
69%
A Italie
67%
B Colombier
65%
B Les Gayeulles
63%
B Gros-Chêne
62%
A Clemenceau
61%
B Jules Ferry
60%
A Jacques Cartier
59%
B Cleunay
58%
B Joliot-Curie - Chateaubriand
56%
B Mabilais
53%
B Atalante
51%
B La Courrouze
48%
Aucun quiz correspondant
Distribution des résultats
% des personnes avec chaque résultat
Percentile par nombre de réponses
Votre historique - résultats
Vous n’avez pas pris ce quiz